[Event "Barcelona GM 2017"]
[Site "Barcelona ESP"]
[Date "2017.11.13"]
[Round "5.5"]
[White "Vasquez Schroeder, Rodrigo"]
[Black "Asis Gargatagli, Hipolito"]
[Result "0-1"]
[WhiteTitle "GM"]
[BlackTitle "IM"]
[WhiteElo "2555"]
[BlackElo "2520"]
[WhiteFideId "3400042"]
[BlackFideId "2260735"]
[EventDate "2017.11.09"]

1. d4 Nf6 2. Nf3 e6 3. e3 c5 4. Bd3 Nc6 5. O-O d5 6. b3 Bd6 7. Bb2 O-O 8. c4
cxd4 9. exd4 b6 10. Nbd2 Bb7 11. Re1 Rc8 12. a3 Re8 13. Qe2 Bf8 14. Rac1 dxc4
15. bxc4 g6 16. Nb3 Bg7 17. Bc3 Ne7 18. Ne5 Nf5 19. g3 Nd7 20. Nf3 Nf6 21. Bb2
h5 22. Nbd2 Rc7 23. Red1 Qa8 24. c5 Rec8 25. cxb6 axb6 26. Rxc7 Rxc7 27. Ne5 Bd5
28. Re1 Qa4 29. Bb5 Qc2 30. Nd3 Nd6 31. Rc1 Qxb2 32. Nxb2 Rxc1+ 33. Nf1 Nfe4 34.
h4 Bxd4 35. Kh2 Nxb5 36. Qxb5 Nxf2 0-1

[Event "Barcelona GM 2017"]
[Site "Barcelona ESP"]
[Date "2017.11.14"]
[Round "6.1"]
[White "Asis Gargatagli, Hipolito"]
[Black "Vocaturo, Daniele"]
[Result "0-1"]
[WhiteTitle "IM"]
[BlackTitle "GM"]
[WhiteElo "2520"]
[BlackElo "2598"]
[WhiteFideId "2260735"]
[BlackFideId "813192"]
[EventDate "2017.11.09"]

1. e4 e5 2. Nf3 Nc6 3. Bc4 Bc5 4. O-O Nf6 5. d3 d6 6. c3 a6 7. a4 Ba7 8. Bg5 h6
9. Bh4 g5 10. Bg3 Qe7 11. Nbd2 Nd7 12. d4 h5 13. h4 g4 14. Ne1 exd4 15. Nd3 dxc3
16. bxc3 Nce5 17. Nf4 c6 18. Ba2 Nc5 19. a5 Bd7 20. Rb1 Rd8 21. Re1 Bc8 22. Qc2
Ne6 23. Nd3 Nf8 24. Nf4 Nfg6 25. Nxg6 fxg6 26. Nc4 g5 27. hxg5 Qxg5 28. Nb6 Bxb6
29. Rxb6 h4 30. Bxe5 Qxe5 31. Qd2 Rd7 32. Rb4 Kd8 33. Qe3 Rf8 34. Qh6 Rh8 35.
Qe3 Rh5 36. Qb6+ Ke7 37. Qe3 Rd8 38. Reb1 Rd7 39. Re1 Ke8 40. Rd4 Rg5 41. Red1
Rg6 42. Qe2 Rh7 43. Qd3 Ke7 44. Rb4 Rf6 45. Rdb1 Kf8 46. Rb6 g3 47. Rxc6 bxc6
48. Rb8 gxf2+ 49. Kf1 Qh2 0-1

[Event "Barcelona GM 2017"]
[Site "Barcelona ESP"]
[Date "2017.11.14"]
[Round "6.3"]
[White "Munoz, Miguel"]
[Black "Gledura, Benjamin"]
[Result "1/2-1/2"]
[WhiteTitle "GM"]
[BlackTitle "GM"]
[WhiteElo "2494"]
[BlackElo "2605"]
[WhiteFideId "3800229"]
[BlackFideId "712779"]
[EventDate "2017.11.09"]

1. e4 e5 2. Nf3 Nc6 3. Bb5 a6 4. Ba4 Nf6 5. O-O Be7 6. Bxc6 dxc6 7. d3 Nd7 8.
Nbd2 O-O 9. Nc4 f6 10. Be3 Qe8 11. Nh4 b5 12. Na5 Nb6 13. c3 Rf7 14. b4 Na4 15.
Qc2 c5 16. a3 Be6 17. Nb7 c4 18. d4 exd4 19. cxd4 f5 20. Nf3 fxe4 21. Ne5 Rf8
22. Qxe4 Bf5 23. Qd5+ Kh8 24. Rfe1 Nc3 25. Qc6 Qxc6 26. Nxc6 Bd6 27. Nxd6 cxd6
28. Bf4 Bg6 29. Bg3 Rfe8 30. Ne7 Bd3 31. Bxd6 Ne2+ 32. Rxe2 Bxe2 33. Bc5 Rad8
34. f3 Bd3 35. Nc6 Rc8 36. Ne5 Bg6 37. Rc1 Kg8 38. Kf2 Bf7 39. Ke3 Bd5 40. Kd2
Re6 1/2-1/2

[Event "Barcelona GM 2017"]
[Site "Barcelona ESP"]
[Date "2017.11.14"]
[Round "6.4"]
[White "Alonso Rosell, Alvar"]
[Black "Fressinet, Laurent"]
[Result "0-1"]
[WhiteTitle "GM"]
[BlackTitle "GM"]
[WhiteElo "2530"]
[BlackElo "2667"]
[WhiteFideId "2270544"]
[BlackFideId "608742"]
[EventDate "2017.11.09"]

1. Nf3 d5 2. g3 g6 3. d4 Bg7 4. Bg2 Nd7 5. O-O Ngf6 6. a4 c5 7. a5 O-O 8. c4
dxc4 9. Nbd2 cxd4 10. Nxc4 Nc5 11. Nxd4 Ng4 12. e3 e5 13. Nb5 Be6 14. Nba3 Qxd1
15. Rxd1 e4 16. Bd2 Nd3 17. Be1 Nxb2 18. Nxb2 Bxb2 19. Bxe4 Bxa1 20. Rxa1 Rab8
21. Bb4 Rfd8 22. Nb5 Bd5 23. Bxd5 Rxd5 24. Nd4 Ne5 0-1

[Event "Barcelona GM 2017"]
[Site "Barcelona ESP"]
[Date "2017.11.14"]
[Round "6.5"]
[White "Peralta, Fernando"]
[Black "Gomez Garrido, Camilo Ernesto"]
[Result "1-0"]
[WhiteTitle "GM"]
[BlackTitle "GM"]
[WhiteElo "2551"]
[BlackElo "2524"]
[WhiteFideId "105309"]
[BlackFideId "3507904"]
[EventDate "2017.11.09"]

1. d4 d5 2. c4 c6 3. Nf3 Nf6 4. Nc3 e6 5. e3 a6 6. b3 Bb4 7. Bd2 Nbd7 8. Bd3 O-O
9. O-O Bd6 10. h3 e5 11. cxd5 cxd5 12. dxe5 Nxe5 13. Nxe5 Bxe5 14. Rc1 Re8 15.
Ne2 Ne4 16. Bxe4 dxe4 17. Bc3 Bxc3 18. Qxd8 Rxd8 19. Rxc3 Rd2 20. Rfc1 Bd7 21.
Rc7 Bc6 22. Nd4 Rxa2 23. Nxc6 bxc6 24. R1xc6 h5 25. Re7 Rd8 26. g4 hxg4 27. hxg4
Ra5 28. Rxe4 Rb5 29. Rxa6 Rxb3 30. Ra7 Rb6 31. Ree7 Rf6 32. g5 Rf5 33. f4 g6 34.
Kf2 Rf8 35. Kf3 Rb5 36. Ra6 Kg7 37. Rf6 Rf5 38. Ra6 Rb5 39. Rd7 Rc5 40. Rf6 Kg8
41. e4 Ra5 42. e5 Ra4 43. Re7 Rb4 44. Kg4 Ra4 45. e6 fxe6 46. Rxg6+ Kh8 47. Rh6+
Kg8 48. Rg6+ Kh8 49. Kh5 e5 50. Kh6 1-0

[Event "Barcelona GM 2017"]
[Site "Barcelona ESP"]
[Date "2017.11.15"]
[Round "7.1"]
[White "Gledura, Benjamin"]
[Black "Asis Gargatagli, Hipolito"]
[Result "1/2-1/2"]
[WhiteTitle "GM"]
[BlackTitle "IM"]
[WhiteElo "2605"]
[BlackElo "2520"]
[WhiteFideId "712779"]
[BlackFideId "2260735"]
[EventDate "2017.11.09"]

1. e4 c5 2. Nf3 d6 3. d4 cxd4 4. Nxd4 Nf6 5. Nc3 a6 6. h3 e6 7. g4 Nfd7 8. g5 b5
9. a3 Bb7 10. Bg2 Be7 11. h4 Nc6 12. Rh3 Rc8 13. Nxc6 Bxc6 14. Bf4 Qc7 15. h5
O-O 16. Bd2 a5 17. g6 Bf6 18. Qg4 Ne5 19. gxh7+ Kh8 20. Qf4 Nc4 21. h6 Qe7 22.
Bc1 g6 23. b3 Be5 24. Qg5 Bf6 25. Qf4 Be5 26. Qg5 Bf6 1/2-1/2

[Event "Barcelona GM 2017"]
[Site "Barcelona ESP"]
[Date "2017.11.15"]
[Round "7.2"]
[White "Fressinet, Laurent"]
[Black "Munoz, Miguel"]
[Result "1-0"]
[WhiteTitle "GM"]
[BlackTitle "GM"]
[WhiteElo "2667"]
[BlackElo "2494"]
[WhiteFideId "608742"]
[BlackFideId "3800229"]
[EventDate "2017.11.09"]

1. e4 d5 2. exd5 Qxd5 3. Nc3 Qa5 4. d4 Nf6 5. Bd2 Qb6 6. Nf3 Bg4 7. h3 Bxf3 8.
Qxf3 c6 9. O-O-O e6 10. Kb1 Nbd7 11. g4 Bb4 12. g5 Bxc3 13. Bxc3 Nd5 14. Be1 O-O
15. c4 Ne7 16. Bd3 c5 17. Bc3 Nc6 18. dxc5 Nxc5 19. Bxh7+ 1-0

[Event "Barcelona GM 2017"]
[Site "Barcelona ESP"]
[Date "2017.11.15"]
[Round "7.3"]
[White "Gomez Garrido, Camilo Ernesto"]
[Black "Alonso Rosell, Alvar"]
[Result "1-0"]
[WhiteTitle "GM"]
[BlackTitle "GM"]
[WhiteElo "2524"]
[BlackElo "2530"]
[WhiteFideId "3507904"]
[BlackFideId "2270544"]
[EventDate "2017.11.09"]

1. e4 e6 2. d4 d5 3. Nd2 c5 4. exd5 Qxd5 5. Ngf3 cxd4 6. Bc4 Qd6 7. O-O Nf6 8.
Nb3 Nc6 9. Nbxd4 Nxd4 10. Nxd4 Bd7 11. Re1 Rc8 12. Bb3 Be7 13. c3 O-O 14. Qf3
Rc5 15. h3 Qc7 16. Bf4 Bd6 17. Bxd6 Qxd6 18. Qxb7 e5 19. Ne2 Bc6 20. Qb4 a5 21.
Qh4 Qd2 22. Ng3 e4 23. Re2 Qd6 24. Bc2 Re8 25. Rd1 Rd5 26. Rxd5 Qxd5 27. Qf4 Qb5
28. b3 h5 29. c4 Qc5 30. Nxe4 Bxe4 31. Bxe4 Qa3 32. Bf3 Rxe2 33. Bxe2 Qxa2 34.
Qe3 Qc2 35. Bf3 a4 36. bxa4 Qxc4 37. a5 h4 38. Be2 Qa4 39. a6 Nd5 40. Qe5 1-0

[Event "Barcelona GM 2017"]
[Site "Barcelona ESP"]
[Date "2017.11.15"]
[Round "7.4"]
[White "Vasquez Schroeder, Rodrigo"]
[Black "Peralta, Fernando"]
[Result "1/2-1/2"]
[WhiteTitle "GM"]
[BlackTitle "GM"]
[WhiteElo "2555"]
[BlackElo "2551"]
[WhiteFideId "3400042"]
[BlackFideId "105309"]
[EventDate "2017.11.09"]

1. d4 Nf6 2. Bf4 d5 3. e3 e6 4. Nd2 c5 5. c3 Nc6 6. Ngf3 Be7 7. Ne5 Nd7 8. Nxd7
Bxd7 9. Bd3 O-O 10. h4 f5 11. Nf3 Be8 12. h5 h6 13. Qe2 a6 14. Ne5 Nxe5 15. Bxe5
Bd6 16. Bxd6 Qxd6 17. f4 cxd4 18. cxd4 Bb5 19. O-O-O Bxd3 20. Qxd3 Rac8+ 21. Kb1
Rc7 22. g4 fxg4 23. Rdg1 Rf5 24. Rxg4 Qc6 25. Qd1 Qe8 26. Rg6 Rf6 27. Rg2 Rf5
28. Qg4 Qf7 29. a3 Qf6 30. Qh3 Qf7 31. Rg6 Rf6 32. Rhg1 Rxg6 33. Rxg6 Rc6 34.
Ka2 Qf5 35. Qg2 Rc7 36. Rxh6 Rc1 37. Qg6 Qxg6 38. Rxg6 Kf7 39. Rg5 Kf6 40. Kb3
Rc4 41. Rg6+ Kf7 42. f5 exf5 43. Rd6 Rc8 44. Rxd5 Ke6 45. Re5+ Kf6 46. e4 fxe4
47. Rxe4 b5 48. Rg4 Rc4 49. Rg6+ Kf7 50. Rd6 a5 51. Rb6 a4+ 52. Ka2 Rxd4 53.
Rxb5 Rh4 54. Rb4 Rxh5 55. Rxa4 g5 56. Rg4 Kf6 57. Rg1 Kf5 58. b4 g4 59. b5 Ke6
60. a4 Rg5 61. b6 Kd7 62. Rc1 Rg8 63. Ka3 Rc8 64. Rf1 Kc6 65. Rf6+ Kb7 66. a5
Rg8 67. Rf7+ Ka8 68. a6 g3 69. Ra7+ Kb8 70. Rb7+ Ka8 71. Ra7+ Kb8 72. Rb7+ Ka8 1/2-1/2

[Event "Barcelona GM 2017"]
[Site "Barcelona ESP"]
[Date "2017.11.15"]
[Round "7.5"]
[White "Vocaturo, Daniele"]
[Black "Grigoryan, Karen H."]
[Result "1-0"]
[WhiteTitle "GM"]
[BlackTitle "GM"]
[WhiteElo "2598"]
[BlackElo "2584"]
[WhiteFideId "813192"]
[BlackFideId "13301004"]
[EventDate "2017.11.09"]

1. e4 c5 2. Nf3 d6 3. d4 cxd4 4. Nxd4 Nf6 5. Nc3 g6 6. Be3 Bg7 7. f3 Nc6 8. Qd2
O-O 9. g4 Nxd4 10. Bxd4 Be6 11. h4 Qa5 12. h5 Rfc8 13. a3 Rab8 14. hxg6 hxg6 15.
Bd3 Bc4 16. O-O-O b5 17. Bxc4 Rxc4 18. Bxf6 Bxf6 19. Nd5 Qxd2+ 20. Rxd2 Kg7 21.
Rdh2 Rg8 22. Rh7+ Kf8 23. Nxf6 exf6 24. Rd1 Ke7 25. Rh2 a6 26. Rd3 Rcc8 27. Rd1
Rc4 28. c3 Rcc8 29. Kd2 Rh8 30. Rdh1 Rhd8 31. Ke3 d5 32. exd5 Rxd5 33. Rh8 Rc6
34. Ra8 Re6+ 35. Kf4 g5+ 36. Kg3 f5 37. gxf5 Rxf5 38. Rhh8 Rd5 39. Rhe8+ Kf6 40.
Rxe6+ fxe6 41. Rxa6 Rd2 42. b4 Rc2 43. Rc6 Ra2 44. Rc5 Rxa3 45. Kg4 Ra1 46. Rxb5
Rg1+ 47. Kh3 e5 48. Rc5 g4+ 49. fxg4 e4 50. b5 Ke6 51. b6 Rb1 52. Kg3 Rxb6 53.
Kf4 Rb1 54. Kxe4 Re1+ 55. Kf4 Rf1+ 56. Kg5 Rf8 57. Kh6 Kd6 58. Rf5 Rc8 59. Rf3
Ke5 60. g5 Ke4 61. Rf1 Rxc3 62. g6 Rh3+ 63. Kg7 Ra3 64. Kh7 Rh3+ 65. Kg8 Ke5 66.
g7 1-0

[Event "Barcelona GM 2017"]
[Site "Barcelona ESP"]
[Date "2017.11.16"]
[Round "8.1"]
[White "Peralta, Fernando"]
[Black "Vocaturo, Daniele"]
[Result "1/2-1/2"]
[WhiteTitle "GM"]
[BlackTitle "GM"]
[WhiteElo "2551"]
[BlackElo "2598"]
[WhiteFideId "105309"]
[BlackFideId "813192"]
[EventDate "2017.11.09"]

1. d4 Nf6 2. c4 g6 3. Nc3 Bg7 4. e4 d6 5. Nf3 O-O 6. h3 Na6 7. Be3 c6 8. Be2 e5
9. dxe5 dxe5 10. c5 Qe7 11. Bxa6 bxa6 12. O-O Rb8 13. b3 Ne8 14. Re1 Qb7 15. Qd2
Nc7 16. Bh6 Bxh6 17. Qxh6 f6 18. Rad1 Ne6 19. Qe3 Nd8 20. Na4 Nf7 21. Nb2 Be6
22. Qc3 Qb4 23. Qxb4 Rxb4 24. Nd2 a5 25. Nb1 Rd8 26. f3 Kf8 27. Kf2 Ke7 28. Na3
Rdb8 29. Nd3 R4b7 30. Nb2 Rb4 31. Rd2 Nd8 32. Nc2 R4b5 33. Na3 Rb4 34. Nc2 R4b5
35. Na3 1/2-1/2

[Event "Barcelona GM 2017"]
[Site "Barcelona ESP"]
[Date "2017.11.16"]
[Round "8.2"]
[White "Asis Gargatagli, Hipolito"]
[Black "Fressinet, Laurent"]
[Result "0-1"]
[WhiteTitle "IM"]
[BlackTitle "GM"]
[WhiteElo "2520"]
[BlackElo "2667"]
[WhiteFideId "2260735"]
[BlackFideId "608742"]
[EventDate "2017.11.09"]

1. e4 e5 2. Nf3 Nc6 3. Bb5 a6 4. Ba4 Nf6 5. d3 Bc5 6. c3 d6 7. Bg5 h6 8. Bh4 Bd7
9. O-O Ba7 10. Nbd2 Qe7 11. b4 g5 12. Bg3 Nh7 13. d4 h5 14. Bxc6 Bxc6 15. Bxe5
Rg8 16. d5 Bb5 17. c4 g4 18. Ne1 Qxe5 19. cxb5 g3 20. Kh1 gxf2 21. Nef3 Qg7 22.
g3 axb5 23. Qe2 Kf8 24. e5 Qg4 25. Rac1 h4 26. Kg2 Ng5 27. exd6 cxd6 28. Rc7 Re8 0-1

[Event "Barcelona GM 2017"]
[Site "Barcelona ESP"]
[Date "2017.11.16"]
[Round "8.4"]
[White "Grigoryan, Karen H."]
[Black "Gledura, Benjamin"]
[Result "0-1"]
[WhiteTitle "GM"]
[BlackTitle "GM"]
[WhiteElo "2584"]
[BlackElo "2605"]
[WhiteFideId "13301004"]
[BlackFideId "712779"]
[EventDate "2017.11.09"]

1. c4 c5 2. Nf3 Nc6 3. d4 cxd4 4. Nxd4 Nf6 5. Nc3 Qb6 6. Nb3 e6 7. g3 Ne5 8. e4
Bb4 9. Qe2 d6 10. f4 Nc6 11. Be3 Bxc3+ 12. bxc3 Qc7 13. Bg2 e5 14. f5 b6 15. g4
Ba6 16. g5 Nd7 17. O-O Nd8 18. Nd2 Nb7 19. Qh5 Na5 20. Rfd1 Nxc4 21. Nxc4 Bxc4
22. a4 Nc5 23. a5 bxa5 24. g6 f6 25. gxh7+ Bf7 26. Qh3 Nb3 27. Ra2 Qxc3 28. Rxd6
Nd4 29. Rf2 Ke7 30. Ra6 Bc4 31. Bf1 Bxa6 32. Bxa6 Rab8 33. Bf1 Kf8 34. Rg2 Nc2
35. Rxc2 Qxc2 36. Bxa7 Rb4 37. Bf2 Qc7 38. Qd3 Rxh7 39. Qd5 Rd4 40. Bxd4 exd4
41. Qa8+ Ke7 42. e5 Rh5 43. Qd5 Rg5+ 44. Kh1 Rxf5 45. exf6+ Kxf6 46. Qxd4+ Kg5
47. Qd2+ Qf4 48. Qd8+ Rf6 49. Qxa5+ Kh6 0-1

[Event "Barcelona GM 2017"]
[Site "Barcelona ESP"]
[Date "2017.11.16"]
[Round "8.5"]
[White "Gomez Garrido, Camilo Ernesto"]
[Black "Vasquez Schroeder, Rodrigo"]
[Result "0-1"]
[WhiteTitle "GM"]
[BlackTitle "GM"]
[WhiteElo "2524"]
[BlackElo "2555"]
[WhiteFideId "3507904"]
[BlackFideId "3400042"]
[EventDate "2017.11.09"]

1. e4 c5 2. Nf3 d6 3. d4 cxd4 4. Nxd4 Nf6 5. Nc3 a6 6. Bg5 e6 7. f4 Nbd7 8. Qf3
Qc7 9. O-O-O b5 10. Bd3 Bb7 11. Rhe1 Qb6 12. Nd5 Qxd4 13. Bxf6 gxf6 14. Bxb5 Qc5
15. Nxf6+ Kd8 16. Nxd7 Qxb5 17. Nxf8 Rxf8 18. Qa3 Ke8 19. Qxd6 Qc6 20. Qd4 Qc7
21. f5 Rg8 22. g3 Rc8 23. Rd2 e5 24. Qe3 f6 25. Red1 Rg7 26. Qb3 Kf8 27. g4 a5
28. g5 Bxe4 29. gxf6 Rg5 30. Qa3+ Kg8 31. f7+ Qxf7 32. Qxa5 Qxf5 33. Qa7 Kh8 34.
Rf2 Rg2 35. Rxg2 Bxg2 36. Rd2 Qf1+ 37. Rd1 Qf4+ 38. Kb1 Be4 39. Qa6 Bxc2+ 40.
Ka1 Rf8 41. Rg1 Qf2 42. Rc1 Qd2 43. Rg1 Qxh2 44. Qa7 Qxg1+ 45. Qxg1 Bd3 46. b4
Rf1+ 47. Qxf1 Bxf1 48. a4 h5 49. b5 h4 50. b6 Ba6 0-1

[Event "Barcelona GM 2017"]
[Site "Barcelona ESP"]
[Date "2017.11.17"]
[Round "9.1"]
[White "Vasquez Schroeder, Rodrigo"]
[Black "Alonso Rosell, Alvar"]
[Result "1/2-1/2"]
[WhiteTitle "GM"]
[BlackTitle "GM"]
[WhiteElo "2555"]
[BlackElo "2530"]
[WhiteFideId "3400042"]
[BlackFideId "2270544"]
[EventDate "2017.11.09"]

1. e4 e6 2. d4 d5 3. Nc3 Nf6 4. e5 Nfd7 5. Nce2 c5 6. f4 Nc6 7. c3 a5 8. Nf3 a4
9. Be3 Qb6 10. Rb1 Be7 11. g3 f6 12. Bh3 cxd4 13. Bxd4 Nxd4 14. cxd4 Qb4+ 15.
Kf2 f5 16. a3 Qa5 17. g4 Nb6 18. gxf5 exf5 19. Qc2 O-O 20. Ng3 g6 21. Rbg1 Kh8
22. Bf1 Bd7 23. h4 Rac8 24. Qb1 h5 25. Bd3 Nc4 26. Ne2 Qb6 27. Bxc4 Rxc4 28. Rc1
Rfc8 29. Rxc4 Rxc4 30. Rg1 Be8 31. Rc1 Bb5 32. Rc3 Kg7 33. Ke3 Bc6 34. Qc2 Rxc3+
35. Nxc3 Qa6 36. Ne2 Qa5 37. Kf2 Bb5 38. Nc3 Bc6 39. Kg3 Qa6 40. Kf2 Qa5 41. Nd1
Qd8 42. Kg3 Qa5 43. Ne3 Qb6 44. Qc3 Qb5 45. Kf2 Qb6 46. Nc2 Kf8 47. Nb4 Qb5 48.
Ke3 Ke8 49. Nd3 Qc4 50. Nb4 Qxc3+ 51. bxc3 Bxb4 52. cxb4 b5 1/2-1/2

[Event "Barcelona GM 2017"]
[Site "Barcelona ESP"]
[Date "2017.11.17"]
[Round "9.2"]
[White "Vocaturo, Daniele"]
[Black "Gomez Garrido, Camilo Ernesto"]
[Result "1/2-1/2"]
[WhiteTitle "GM"]
[BlackTitle "GM"]
[WhiteElo "2598"]
[BlackElo "2524"]
[WhiteFideId "813192"]
[BlackFideId "3507904"]
[EventDate "2017.11.09"]

1. e4 c5 2. Nf3 d6 3. d4 cxd4 4. Nxd4 Nf6 5. Nc3 a6 6. Bc4 e6 7. Bb3 b5 8. O-O
Be7 9. Qf3 Qb6 10. Be3 Qb7 11. Qg3 O-O 12. Bh6 Ne8 13. Rad1 Bd7 14. f4 Nc6 15.
Nxc6 Qxc6 16. f5 Kh8 17. f6 Bxf6 18. Rxf6 gxh6 19. Rxh6 Rg8 20. Qh4 Rg7 21. Rd3
Qb6+ 22. Kf1 Qd8 23. Rf3 Kg8 24. Ne2 Qxh4 25. Rxh4 Kf8 26. Nf4 Ke7 27. Rh6 Bc6
28. Nh5 Bxe4 29. Nxg7 Nxg7 30. Rf2 d5 31. c3 Nf5 32. Rh3 Nd6 33. Bc2 Bg6 34. g4
Rc8 35. Bxg6 hxg6 36. Rhf3 f5 37. gxf5 gxf5 38. h4 Ne4 39. Rh2 Rh8 40. Rd3 f4
41. h5 Nf6 42. h6 Rh7 43. Rdh3 Ng4 44. Rh1 Kf6 45. Kg2 e5 46. Kf3 Ne3 47. Rh5
Nf5 48. R1h3 Kg6 49. Rxf5 Kxf5 50. Rh5+ Ke6 51. b4 1/2-1/2

[Event "Barcelona GM 2017"]
[Site "Barcelona ESP"]
[Date "2017.11.17"]
[Round "9.3"]
[White "Gledura, Benjamin"]
[Black "Peralta, Fernando"]
[Result "1/2-1/2"]
[WhiteTitle "GM"]
[BlackTitle "GM"]
[WhiteElo "2605"]
[BlackElo "2551"]
[WhiteFideId "712779"]
[BlackFideId "105309"]
[EventDate "2017.11.09"]

1. e4 e6 2. d4 d5 3. Nc3 Nf6 4. e5 Nfd7 5. f4 c5 6. Nf3 Nc6 7. Be3 Be7 8. dxc5
Nxc5 9. Be2 O-O 10. O-O a6 11. Qe1 Qc7 12. a3 b5 13. Qf2 Nd7 14. Bd3 b4 15. Ne2
bxa3 16. bxa3 a5 17. Ned4 Nxd4 18. Nxd4 Ba6 19. a4 Nc5 20. Bxa6 Rxa6 21. Qe2
Raa8 22. c4 dxc4 23. Qxc4 Na6 24. Rfc1 Rfc8 25. Qxc7 Nxc7 26. Nc6 Nd5 27. Kf2
Kf8 28. Rc4 Rc7 29. Rac1 Rb7 30. g3 Ke8 31. Ke2 Rb3 32. Bd2 Bb4 33. R1c2 Nb6 34.
Rd4 Nxa4 35. Nxa5 Nc3+ 36. Rxc3 Bxc3 37. Nxb3 Bxd4 38. Nxd4 Ra3 39. Nb5 Rb3 40.
Nd6+ Ke7 41. Ne4 Rb1 42. h3 h5 43. Be3 Rb2+ 44. Kf3 Rb3 45. g4 hxg4+ 46. hxg4 g6
47. Nf6 Ra3 48. Ke4 Ra4+ 49. Bd4 Kf8 50. Ke3 Ra3+ 51. Kf2 Rb3 52. Bc5+ Kg7 53.
Ne4 Rd3 54. Be7 Rb3 55. Kg2 Rd3 56. Ng3 Rd2+ 57. Kh3 Rf2 58. Bg5 Kg8 59. Ne4 Rf1
60. Kg3 Rg1+ 61. Kh2 Re1 62. Ng3 Ra1 63. Kh3 Ra2 64. Ne4 Re2 65. Nd6 Re1 66. Bf6
Rf1 67. Kg3 Kf8 68. Ne4 Kg8 69. Nf2 Kf8 70. Kg2 Rb1 71. Ne4 Rb3 72. Nd6 Ra3 73.
Ne4 Rb3 74. Ng3 Rb2+ 75. Kh3 Rf2 76. Bg5 Kg8 77. Ne4 Re2 78. Nd6 Re1 79. Be7 Rf1
80. Kg3 Kg7 81. Ne8+ Kg8 82. Bc5 Rc1 83. Nf6+ Kg7 84. Be3 Rc3 85. Kf3 Rc4 86.
Ne4 Ra4 87. Nd6 Rb4 88. Bf2 Rb3+ 89. Kg2 Rd3 90. Bg3 Rd1 91. Bh4 1/2-1/2

[Event "Barcelona GM 2017"]
[Site "Barcelona ESP"]
[Date "2017.11.17"]
[Round "9.4"]
[White "Fressinet, Laurent"]
[Black "Grigoryan, Karen H."]
[Result "1/2-1/2"]
[WhiteTitle "GM"]
[BlackTitle "GM"]
[WhiteElo "2667"]
[BlackElo "2584"]
[WhiteFideId "608742"]
[BlackFideId "13301004"]
[EventDate "2017.11.09"]

1. Nf3 Nf6 2. c4 c5 3. Nc3 Nc6 4. e3 e6 5. d4 d5 6. cxd5 exd5 7. Bb5 Bd6 8. dxc5
Bxc5 9. O-O O-O 10. b3 Bg4 11. Bb2 Rc8 12. Rc1 Bd6 13. Be2 Bb8 14. h3 Bh5 15.
Nh4 Bg6 16. Nxg6 hxg6 17. Bf3 Qd6 18. g3 Rcd8 19. Nb5 Qd7 20. Bg2 Rfe8 21. Nd4
Ne5 22. Nf3 Qf5 23. Bxe5 Bxe5 24. Qc2 Qxc2 25. Rxc2 Bd6 26. Rd1 Rc8 27. Rdc1
Rxc2 28. Rxc2 Kf8 29. Kf1 Re7 30. Nd4 a6 31. Ne2 Rd7 32. g4 g5 33. Nd4 Rc7 34.
Rxc7 Bxc7 35. Ke2 g6 36. Kd3 Ke7 37. Ne2 Kd6 38. f4 gxf4 39. exf4 Kc5 40. Bf3
Ne8 41. b4+ Kxb4 42. Bxd5 Nd6 43. h4 Kc5 44. Bb3 Bd8 45. h5 gxh5 46. gxh5 Kc6
47. Nc3 Kd7 48. h6 Ke8 49. h7 Bf6 50. Nd5 Bh8 51. Nb6 Kf8 52. Bc2 Ba1 53. Nc4
Nxc4 54. Kxc4 b6 55. Kd5 Kg7 56. Bd3 a5 57. a4 1/2-1/2

[Event "Barcelona GM 2017"]
[Site "Barcelona ESP"]
[Date "2017.11.17"]
[Round "9.5"]
[White "Munoz, Miguel"]
[Black "Asis Gargatagli, Hipolito"]
[Result "1/2-1/2"]
[WhiteTitle "GM"]
[BlackTitle "IM"]
[WhiteElo "2494"]
[BlackElo "2520"]
[WhiteFideId "3800229"]
[BlackFideId "2260735"]
[EventDate "2017.11.09"]

1. e4 c5 2. Nf3 d6 3. d4 cxd4 4. Nxd4 Nf6 5. Nc3 a6 6. Bg5 Nbd7 7. Bc4 Qb6 8.
Qd2 Qxb2 9. O-O g6 10. Rab1 Qa3 11. Rb3 Qa5 12. Nd5 Qxd2 13. Nc7+ Kd8 14. Nde6+
fxe6 15. Nxe6+ Ke8 16. Nc7+ Kd8 17. Ne6+ Ke8 18. Nc7+ 1/2-1/2